• 首页
  • 本馆介绍
  • 公告通知
  • 最新文献
  • 馆藏检索
  • 电子资源
  • 读者导购
  • 参考咨询
  • 我的图书馆
  • 登录
  • 详细信息显示
  • 放入我的书架
  • 预约/预借图书
  • 作者相关作品
  • 分类相关作品
  • 丛书相关作品
  • 出版社相关作品

书目信息

  • 表格格式
  • 工作单格式
  • 卡片格式
题名:
中国企业改变世界
    
 
作者: 聂东平 , 道尔 , 鲁 著 ;李娟 译
分册:  
出版信息: 北京   红旗出版社  2014
页数: 264页
开本: 24cm
丛书名: 解读中国书系
单 册:
中图分类: F279.2
科图分类:
主题词: 企业经济--研究--中国 , 企业经济
电子资源:
ISBN: 978-7-5051-2928-3
000 01516nam0 22003251 450
001 519
005 20140909092810.68
010    @a978-7-5051-2928-3@dCNY36.00
100    @a20140423d2014 em y0chiy50 ea
101 1  @achi@ceng
102    @aCN@b110000
105    @ay z 000yy
106    @ar
200 1  @a中国企业改变世界@AZhong Guo Qi Ye Gai Bian Shi Jie@f(美)聂东平,(美)威廉·道尔,亚伯拉罕·鲁著@F( Mei ) Nie Dong Ping, ( Mei ) Wei Lian· Dao Er, Ya Bo La Han· Lu Zhu@g李娟译
210    @a北京@c红旗出版社@d2014
215    @a264页@d24cm
225 2  @a解读中国书系
312    @a封面英文题名:In the shadow of the dragon: the global expansion of Chinese companies and how it will change business forever
330    @a本书对中国最具国际竞争力的中国公司展开周密调查,审查了在国际市场呼风唤雨的中国企业,并分析了它们走出中国的策略及其竞争之处和成功之处。基于对中国商业领袖的采访及创造性案例分析,书中揭示了中国企业在国际市场中重写规则的变革性策略、捍卫江山并在未来取得繁荣的步骤。
461  0 @12001 @a解读中国书系
510 1  @aIn the shadow of the dragon: the global expansion of Chinese companies and how it will change business forever@zeng
606 0  @a企业经济@x研究@y中国
606 0  @a企业经济
690    @aF279.2@v5
701  0 @a聂东平@ANie Dong Ping@g(女)@4著
701  0 @c(美)@a道尔@ADao Er@c(Dowel, William)@4著
701  0 @c(美)@a鲁@ALu@c(Lu, Abraham)@4著
702  0 @a李娟@ALi Juan@g(翻译学硕士)@4译
801  0 @aCN@bTANGWEI@c20140603
905    @b0837636-38@dF279.2@e1125@f3
    
    中国企业改变世界/(美)聂东平,(美)威廉·道尔,亚伯拉罕·鲁著/李娟译.-北京:红旗出版社,2014
    264页;24cm.-(解读中国书系)
    
    
    ISBN 978-7-5051-2928-3:CNY36.00
    本书对中国最具国际竞争力的中国公司展开周密调查,审查了在国际市场呼风唤雨的中国企业,并分析了它们走出中国的策略及其竞争之处和成功之处。基于对中国商业领袖的采访及创造性案例分析,书中揭示了中国企业在国际市场中重写规则的变革性策略、捍卫江山并在未来取得繁荣的步骤。
●
相关链接 在E读中查询图书 在五车中查询图书 在当当中查询图书 在豆瓣中查询图书


正题名:中国企业改变世界     索取号:F279.2/1125         预约/预借

序号 登录号 条形码 馆藏地/架位号 状态 备注
1 0837636   208376363   第一样本阅览室/ [索取号:F279.2/1125] 在馆    
2 0837637   208376372   第一借阅区/ [索取号:F279.2/1125] 在馆    
3 0837638   208376381   密集书库-海洋学院/ [索取号:F279.2/1125] 在馆    
唐山师范学院图书馆 欢迎您!
大连网信软件有限公司© 版权所有